• 首页
  • 本馆介绍
  • 公告通知
  • 最新文献
  • 馆藏检索
  • 电子资源
  • 读者导购
  • 参考咨询
  • 我的图书馆
  • 登录
  • 详细信息显示
  • 放入我的书架
  • 预约/预借图书
  • 作者相关作品
  • 分类相关作品
  • 丛书相关作品
  • 出版社相关作品

书目信息

  • 表格格式
  • 工作单格式
  • 卡片格式
题名:
有色金属基础理论研究-新方法与新进展
    
 
作者: 陈启元 等 著
分册:  
出版信息: 北京   科学出版社  2005
页数:
开本: 26cm
丛书名:
单 册:
中图分类: TF801.1
科图分类:
主题词: 冶金工业
电子资源:
ISBN: 7-03-015045-7
000 00583nam0 2200181 450
001 0754114953
005 20070929150154.95
010    @a7-03-015045-7@b精装
100    @a20070929d km y0chiy0120 ea
101 0  @achi
200 1  @a有色金属基础理论研究-新方法与新进展@Ayou se jin shu ji chu li lun yan jiu-xin fang fa yu xin jin zhan@f陈启元 等 著@Fchen qi yuan deng zhu
210    @a北京@c科学出版社@d2005
215    @c插图@d26cm
606 0  @a冶金工业
690    @aTF801.1@v3
701  0 @a陈启元 等@Achen qi yuan deng@4著
801  0 @aCN@bPFT@c20070929
905    @a213230@dTF801.1@eh4@f1
    
    有色金属基础理论研究-新方法与新进展/陈启元 等 著.-北京:科学出版社,2005
    插图;26cm
    
    
    ISBN 7-03-015045-7(精装):
    
●
相关链接 在E读中查询图书 在五车中查询图书 在当当中查询图书 在豆瓣中查询图书


正题名:有色金属基础理论研究-新方法与新进展     索取号:TF801.1/h4         预约/预借

序号 登录号 条形码 馆藏地/架位号 状态 备注
1 6002607   260026073   密集书库-化学系/ [索取号:TF801.1/h4] 在馆    
唐山师范学院图书馆 欢迎您!
大连网信软件有限公司© 版权所有